书目信息 |
| 题名: |
当代运动与艺术潮流
|
|
| 作者: | 刘悦滨 编著 | |
| 分册: | 滑冰、滑雪及旱冰赏析 | |
| 出版信息: | 长春 吉林出版集团有限责任公司 2020.5 |
|
| 页数: | 12, 208页 | |
| 开本: | 23cm | |
| 丛书名: | ||
| 单 册: | ||
| 中图分类: | G86 | |
| 科图分类: | ||
| 主题词: | 文化--通俗读物 , 冰上运动--基本知识 , 雪上运动--基本知识 | |
| 电子资源: | ||
| ISBN: | 978-7-5534-6283-7 | |
| 000 | 00993nam 2200289 45 | |
| 001 | 012001000693 | |
| 005 | 20130909130938.0 | |
| 010 | @a978-7-5534-6283-7@dCNY28.00 | |
| 099 | @aCAL 012016156052 | |
| 100 | @a20160830d2015 ek y0chiy0110 ea | |
| 101 | 0 | @achi |
| 102 | @aCN@b220000 | |
| 105 | @aa z 000yy | |
| 106 | @ar | |
| 200 | 1 | @a当代运动与艺术潮流@ADang Dai Yun Dong Yu Yi Shu Chao Liu@i滑冰、滑雪及旱冰赏析@f刘悦滨编著 |
| 210 | @a长春@c吉林出版集团有限责任公司@d2020.5 | |
| 215 | @a12, 208页@c图@d23cm | |
| 300 | @a其他题名:滑冰、滑雪及旱冰赏析 | |
| 330 | @a本书介绍滑冰、滑雪运动及旱冰运动的基本知识,内容包括滑冰概述、速度滑冰的必备知识、滑雪运动的分类、滑雪场与滑雪运动的装备、旱冰的特点、基本动作等。 | |
| 517 | 1 | @a滑冰、滑雪及旱冰赏析 |
| 606 | 0 | @a文化@j通俗读物 |
| 606 | 0 | @a冰上运动@x基本知识 |
| 606 | 0 | @a雪上运动@x基本知识 |
| 690 | @aG86@v5 | |
| 701 | 0 | @a刘悦滨@ALiu Yue Bin@4编著 |
| 801 | @aCN@b江苏凤凰@c20211018 | |
| 905 | @b1340660-3@dG86@e100@f4 | |
| 当代运动与艺术潮流.滑冰、滑雪及旱冰赏析/刘悦滨编著.-长春:吉林出版集团有限责任公司,2020.5 |
| 12, 208页:图;23cm |
| 其他题名:滑冰、滑雪及旱冰赏析 |
| ISBN 978-7-5534-6283-7:CNY28.00 |
| 本书介绍滑冰、滑雪运动及旱冰运动的基本知识,内容包括滑冰概述、速度滑冰的必备知识、滑雪运动的分类、滑雪场与滑雪运动的装备、旱冰的特点、基本动作等。 |
| ● |
| 相关链接 |
|
|
|
|
正题名:当代运动与艺术潮流
索取号:G86/100
 
预约/预借
| 序号 | 登录号 | 条形码 | 馆藏地/架位号 | 状态 | 备注 |
| 1 | 1340660 | 213406606 | 第一样本阅览室/ [索取号:G86/100] | 在馆 | |
| 2 | 1340661 | 213406615 | 第四借阅区/ [索取号:G86/100] | 在馆 | |
| 3 | 1340662 | 213406624 | 第四借阅区/ [索取号:G86/100] | 在馆 | |
| 4 | 1340663 | 213406633 | 第四借阅区/ [索取号:G86/100] | 在馆 |